Türk kadını'nın günümüzde ve 2000'li yıllarda yeri (Record no. 5084)

MARC details
000 -BAŞLIK
Sabit Uzunlukta Kontrol Alanı 00815na a2200241 4500
001 - KONTROL NUMARASI
Denetim Alanı 13481
003 - KONTROL NUMARASI IDENTIFIER
Denetim Alanı MIRAKIL
005 - SON İŞLEM TARİHİ VE ZAMANI
Denetim Alanı 20181213155027.0
008 - SABİT-BOY VERİ ELEMANLARI - GENEL BİLGİLER
Sabit Uzunlukta Kontrol Alanı 161024b tu 000 0
035 ## - SİSTEM KONTROL NUMARASI
Sistem Kontrol Numarası 13481
040 ## - KATALOGLAMA KAYNAK
Orijinal Kataloglama Ajansı Milas
Kataloglama Dili tur
Metne Dönüştürmek Ajansı TR-AnCHP
041 ## - DİL KODU
Metin / Ses Parça Veya Ayrı Başlığın Dil Kodu tur
082 ## - DEWEY ONLU SINIFLANDIRMA NUMARASI
Sınıflandırma Numarası 305.42
Ürün Numarası T96t
090 ## - SINIFLAMA NUMARASI
Sınıflama Numarası 305.42 T96t 1998
111 ## - ANA GİRİŞ - TOPLANTI ADI
Giriş Elemanı Olarak Toplantı Adı Veya Yargı Alanı Adı Türk Kadını'nın Günümüzde ve 2000'li Yıllarda Yeri Konferansı
Toplantı Veya Antlaşma İmzalandığı Tarihi 1998
245 ## - BAŞLIK TABLOSU
Başlık Türk kadını'nın günümüzde ve 2000'li yıllarda yeri
Sorumluluk Tablosu, Vb [düzenleyen] VakıfBank
246 ## - UNVAN FORM VARYING
Başlık Doğru / Kısa Başlığı Türk kadınının günümüzde ve 2000 li yıllarda yeri
260 ## - YAYIN, DAĞITIM, VB
Yayın, Dağıtım, Vb Yeri Ankara
Yayıncı, Dağıtıcı, Vs Adı Vakıfbank
Yayın, Dağıtım, Vb Tarihi 1998
300 ## - FİZİKSEL TANIM
Kapsam 48 s.
Diğer Fiziksel Ayrıntıları res.
Boyutlar 22 sm.
650 ## - KONU KATMA GİRİŞ - TOPİKAL DÖNEM
Topikal Süreli Veya Coğrafi Ad Giriş Elemanı Kadınlar
Genel Alt Bölümü Hak ve özgürlükler
Kronolojik Alt Bölümü Toplantılar
Coğrafi Alt Bölümü Türkiye
710 ## - KATMA GİRİŞ - KURUMSAL ADI
Giriş Elemanı Olarak Kurumsal Ad Veya Yargı Alanı Adı VakıfBank
Relator Terim 21. Yüzyıl Bankacılığı
942 ## - EKLENDİ GİRİŞ ELEMANLARI (KOHA)
Sınıflandırma Veya Raf Düzeni Kaynak
Koha Öğesi Türü Books
999 ## - SİSTEM KONTROL NUMARALARI (KOHA)
Koha Biblionumber 5084
Koha Biblioitemnumber 5084
Holdings
Kalıcı Konum Mevcut Konum Edinme Tarihi Edinim Kaynak Toplam Check-Out'Lar Tam Çağrı Numarası Barkod Tarih Son Görülme İtibaren Geçerli Fiyatlar Koha Öğesi Türü
CHP Kütüphanesi CHP Kütüphanesi 08/14/2016 Bağış   305.42 T96t 1998 000797 08/14/2016 08/14/2016 Books